| 000 | 00600nam a2200157 a 4500 | ||
|---|---|---|---|
| 008 | 210223s2008 ||||||||||||||||| || u | ||
| 020 | _a9780495385592 | ||
| 050 | _aQA 303 Ste | ||
| 100 | _aStewart, James | ||
| 245 | 1 | 0 |
_aSingle variable calculus: Early transcendentals ( 6th edition) _cBy James Stewart |
| 250 | _a6th edition | ||
| 260 |
_aUSA _bThomson/Brooks/Cole _c2008 |
||
| 300 | _axxviii,763 pages:illustrations | ||
| 650 | 0 | _aCALCULUS | |
| 995 |
_FCBU-MAIN LIBRARY (Kitwe) _M1 _UAVAILABLE _WMar 10, 2021 _ZMain Library Open Access Collection |
||
| 999 |
_c57499 _d57499 |
||